| 000 | 00876nas a22002297a 4500 | ||
|---|---|---|---|
| 005 | 20260602171005.0 | ||
| 008 | 260602b19841987porar|j|||||| 00| z por|d | ||
| 040 | _cBR-ViAPE | ||
| 245 | _aRevista Letra | ||
| 260 |
_aVitória _bFundação Ceciliano Abel de Almeida - UFES _c1984-1987 |
||
| 300 |
_av. _bil. |
||
| 310 | _aAnual | ||
| 362 | _aAno 4, n. 4 (1984) - ano 7, n. 7 (1987). | ||
| 500 | _aDisponibilizada apenas a imagem da capa na versão digital, em virtude de restrições de direitos autorais. | ||
| 500 | _aColeção incompleta: disponíveis apenas alguns números do periódico. | ||
| 650 |
_aLiteratura _xEscritores _xCultura _zEspírito Santo |
||
| 651 |
_aEspírito Santo (Brasil) _vPeriódicos |
||
| 700 | _aFundação Ceciliano Abel de Almeida - UFES | ||
| 710 | _aUniversidade Federal do Espírito Santo - UFES | ||
| 942 |
_2ddc _cPER _n1 |
||
| 999 |
_c763 _d763 |
||